Komplexná staticko-dynamická analýza administratívneho centra

Salvato in:
Dettagli Bibliografici
Autore principale: Gunčaga, Stanislav, 1986- (Autore)
Altri autori: Ivánková, Oľga, 1961- (Relatore della tesi)
Natura: Manoscritto Libro
Lingua:slovacco
Pubblicazione: Bratislava : STU v Bratislave SvF, 2011
Soggetti:
Accesso online:VAIS
Tags: Aggiungi Tag
Nessun Tag, puoi essere il primo ad aggiungerne!!

MARC

LEADER 00000ntm a22000003a 4500
001 stu230328
005 20160721135558.0
008 110708s2011----xo------------------slo-d
040 |a STU  |b slo 
041 0 |a slo 
044 |a xo 
100 1 |a Gunčaga, Stanislav,  |d 1986-  |4 aut  |X 27395  |7 A000027395 
242 0 0 |a Static-dynamical analysis of an administrative building  |y eng 
245 1 |a Komplexná staticko-dynamická analýza administratívneho centra 
260 |a Bratislava :  |b STU v Bratislave SvF,  |c 2011 
650 7 |a nosné konštrukcie pozemných stavieb  |2 stusub 
650 7 |a Structures of Buildings  |2 estusub 
650 7 |a seizmicita  |2 stusub 
700 1 |a Ivánková, Oľga,  |d 1961-  |4 ths  |u V250  |U SvF Stavebná fakulta  |T SvF Katedra stavebnej mechaniky  |X 2736  |U V250  |Y 26  |7 A000002736 
856 4 |a info a plný text  |u http://is.stuba.sk/zp/portal_zp.pl?podrobnosti=69865  |3 VAIS